Chemist's Code-Countries 2 - Statistics

General Stats
  • This quiz has been taken 12 times
  • The average score is 6 of 7
Answer Stats
Elements Countries % Correct
Gold+ Sulphur+ Titanium (-i)+ Rubidium (-b)+ Aluminium (-l)+ Lithium+ Argon (-r) Australia
100%
Beryllium (-e)+ Oxygen+ Lawrencium (-r)+ Iodine+ Vanadium+ Iodine+ Argon (-r) Bolivia
80%
Boron+ Ruthenium (-u)+ Argon (-r)+ Zinc (-n)+ Iodine+ Lithium (-i) Brazil
80%
Darmstadtium (-s)+ Selenium (-s)+ Nitrogen+ Manganese (-n)+ Aluminium (-l)+ Rutherfordium (-f)+ Potassium Denmark
80%
Potassium+ Aluminium (-l)+ Zinc (-n)+ Argon (-r)+ Berkelium (-b)+ Hydrogen+ Sulphur+ Thallium (-l)+ Aluminium (-l) +Sodium (-a) Kazakhstan
80%
Manganese (-n)+ Yttrium+ Argon (-r)+ Nitrogen+ Samarium (-s)+ Aluminium (-l)+ Ruthenium (-u) Myanmar
80%
Protactinium+ Plutonium+ Argon (-r)_ Neon+ Tungsten_ Gallium (-a)+ Uranium+ Iodine+ Nitrogen+ Germanium (-g)+ Gold (-u) Papua New Guinea
70%
No matching quizzes found
Score Distribution
Percent of People with Each Score
Percentile by Number Answered
Your Score History
You have not taken this quiz